000 00670nam a2200241Ia 4500
003 OSt
005 20221005083833.0
006 a|||||r|||| 00| 0
007 ta
008 221004b |||||||| |||| 00| 0 eng d
024 _a50688
037 _cTextual
040 _aCRL
_cCRL
_beng
041 _2eng
_aeng
082 _aO111,3N06:g, K9
100 _aRaizada Harish
_956263
245 0 _aR. K. Narayan
_b A critical study of his works
260 _aNew Delhi
_bYoung Asia Publications India
_c1969
300 _a204p.
_ccm.
650 _aINDIAN LITERATURE
942 _hO111,3N06:g, K9
_cTEXL
_2cc
999 _c991662
_d991662